Griechische Götter - Statistiken

Allgemein
  • Dieses Quiz wurde 698 mal gespielt
  • Das Durchschnittsergebnis liegt bei 9 aus 12
Antwortstatistiken
Hint Antwort % Korrekt
Oberster olympischer Gott Zeus
99%
Gott des Meeres Poseidon
94%
Göttin der Liebe Aphrodite
88%
Götterbote / Gott der Reisenden Hermes
86%
Gott des Krieges Ares
81%
Göttin der Ehe Hera
80%
Göttin der Weisheit Athene
73%
Göttin der Jagd Artemis
68%
Göttin der Fruchtbarkeit und Ernte Demeter
58%
Gott der Schmiedekunst Hephaistos
56%
Gott des Lichts Apollon
51%
Göttin des Herdfeuers Hestia
39%
Keine übereinstimmenden Quizze gefunden
Verteilung der Resultate
Anzahl Personen mit jedem Resultat
Perzentil nach korrekt beantworteten Fragen
Ihre Resultats-Entwicklung
Sie haben dieses Quiz noch nicht gespielt